From Research to Design in European Practice proceedings of the XIVth Danube-European Conference on Geotechnical Engineering : key lectures,main lectures and abstracts of papers : Bratislava, Slovak Republic, 2nd - 4th June 2010

Bibliographic Details
Corporate Author: Danube-European Conference on Geotechnical Engineering Bratislava, Slovak Republic
Other Authors: Frankovská, Jana, 1963- (Editor)
Format: Conference Proceeding Book
Language:English
Published: [Bratislava [Slovenská technická univerzita] c2010
Edition:[1st ed.]
Subjects:

MARC

LEADER 00000cam a2200000 a 4500
001 vtls010112175
003 SK-MaSNL
005 20260301212951.0
008 180731s2010 xo odalf 101 0 eng
015 |a SNBA2010/11-06090 
020 |a 9788022732796  |q (brož.) 
035 |a 1240663E-BA2F-4D6B-ABE5-5C93A1090B73 
035 |a urn:nbn:sk:snk-amk1aq 
035 |a urn:nbn:sk:snk-am0087ct 
040 |a SNK  |b slo  |c SNK  |e AACR2 
041 0 |a eng  |b eng 
043 |a e------ 
044 |a xo  |c SK 
072 7 |a 624  |x Inžinierske staviteľstvo  |2 konspekt 
080 |a 624  |2 2001 
080 |a 624.13  |2 2001 
080 |a 624.13:001.891  |2 2001 
080 |a 72.012  |2 2001 
080 |a (062.534)  |2 2001 
080 |a 624.13/.16.01/.07  |2 2001 
111 2 |a Danube-European Conference on Geotechnical Engineering  |n (14. :  |d 2010 :  |c Bratislava, Slovak Republic)  |9 599250 
245 1 0 |a From Research to Design in European Practice  |b proceedings of the XIVth Danube-European Conference on Geotechnical Engineering : key lectures,main lectures and abstracts of papers : Bratislava, Slovak Republic, 2nd - 4th June 2010  |c [edited by Jana Frankovská ... [et al.]] 
250 |a [1st ed.] 
260 |a [Bratislava  |b [Slovenská technická univerzita]  |c c2010 
300 |a 312 s.  |b grafy, fotogr., ilustr., tab.  |c 30 cm  |e 1 CD-ROM 
500 |a Vydav. údaje podľa ISBN 
504 |a Bibliogr. odkazy. Men. reg. 
546 |a Res. angl. 
650 0 7 |a inžinierske staviteľstvo  |2 SNKPH  |9 725 
650 0 7 |a geotechnika  |2 SNKPH  |9 15397 
650 0 7 |a geotechnický výskum  |2 SNKPH  |9 76043 
650 0 7 |a architektonický dizajn  |2 SNKPH  |9 763 
650 0 7 |a Structural engineering  |2 SNKPHeng  |9 267358 
650 0 7 |a Geotechnics  |2 SNKPHeng  |9 311822 
650 0 7 |a Geotechnical research  |2 SNKPHeng  |9 413730 
650 0 7 |a Architectural design  |2 SNKPHeng  |9 352728 
650 0 7 |a geotechnické konštrukcie  |2 SNKPH  |9 97902 
650 0 7 |a Earth retaining structures  |2 SNKPHeng  |9 398036 
655 7 |a zborníky konferencií  |2 SNKPH  |9 70153 
655 7 |a Proceedings of congresses  |2 SNKPHeng  |9 306362 
700 1 |a Frankovská, Jana,  |d 1963-  |4 edt  |9 215635 
852 |a Štátna vedecká knižnica v Banskej Bystrici 
919 |a 978-80-227-3279-6 
958 |a OND 
958 |a NB 
968 |d 62 
999 |c 919921  |d 921851 
952 |a SNK  |b SNK  |y PREZ  |7 0  |p 17A0673799  |o snkSB 80244  |i snk2010/20680  |8 0  |3 Príloha: 1 CD-ROM  |0 0  |1 0  |4 0  |d 2010-09-27  |f 1  |l 0  |r 2025-05-05 00:00:00  |w 2026-02-24 
952 |a SNK  |b SNK  |y PREZ  |7 0  |p 17A0673791  |o snkSB 80244/príl.  |i snk2010/20680  |8 0  |3 Príloha: 1 CD-ROM  |z Príloha  |0 0  |1 0  |4 0  |d 2010-09-27  |l 0  |r 2025-05-05 00:00:00  |w 2026-02-24 
952 |a SNK  |b SNK  |y VYP  |7 0  |p 17A0673798  |o snkSB 80244 D1  |i snk2010/20681  |8 0  |3 Príloha: 1 CD-ROM  |0 0  |1 0  |4 0  |d 2010-09-27  |l 0  |r 2016-06-30 00:00:00  |w 2026-02-24 
952 |a SNK  |b SNK  |y PREZ  |7 0  |p 17A0673797  |o snkSB 80244/príl. D1  |i snk2010/20681  |8 0  |3 Príloha: 1 CD-ROM  |z Príloha  |0 0  |1 0  |4 0  |d 2010-09-27  |l 0  |r 2016-06-30 00:00:00  |w 2026-02-24